| 000 | 00634nam a22001577a 4500 | ||
|---|---|---|---|
| 003 | NUST | ||
| 038 | _aNusrat Nadeem | ||
| 082 | _a200 | ||
| 100 |
_aGhazi, Muhammad Waqas _9131005 |
||
| 245 |
_aVISIT TO UNIVERSITY OF SOUTHAMPTON MALAYSIA & PELABUHAN TANJUNG PELEPAS Sdn Bhd (PTP) – A PREMIER TRANSHIPMENT COMPANY IN MALAYSIA UNDER THE INTERNATIONAL EXPOSURE PROGRAM OF NUST-NBS/ _cMuhammad Waqas Ghazi, |
||
| 264 |
_aIslamabad: _bNBS NUST. _c2025. |
||
| 650 |
_aExecutive MBA _9120079 |
||
| 700 |
_aSupervisor: Dr. Muhammad Adil Iqbal _9126333 |
||
| 856 | _uhttp://10.250.8.41:8080/xmlui/handle/123456789/55026 | ||
| 942 |
_2ddc _cSC |
||
| 999 |
_c615120 _d615120 |
||